000 00685cam a2200253 4500500
005 20260329004324.0
041 _afre
042 _adc
100 1 0 _aPortevin, Catherine
_eauthor
245 0 0 _aSinge toi-même
260 _c2019.
500 _a12
690 _aAlain Prochiantz
690 _aAntispécisme
690 _aÉvolution
690 _aHumain
690 _aMonstre
690 _aNaturalisme
690 _aPrimate
690 _aSinge
690 _aSpécisme
786 0 _nPhilosophie magazine | 130 | 6 | 2019-06-01 | p. 58-58 | 1951-1787
856 4 1 _uhttps://shs.cairn.info/magazine-philosophie-magazine-2019-6-page-58?lang=fr&redirect-ssocas=7080
999 _c1832795
_d1832795